00539 2200181 4500001002100000005001500021035002000036007000300056008003900059082000700098084001300105100001400118245012600132260004600258650002400304990001500328990001400343INLIS00000000000988120260413023524 a0010-0426000221ta260413 | | |  a81 a81 SRI a0 aSRI UTARI1 aANALISIS PENGGUNAAN TEMPAT TIDUR PADA UNIT PENYAKIT DALAM BERDASARKAN GRAFIK BARBER JOHNSON DI RSUD LAMANDAU /cSRI UTARI aPALANGKA RAYA :bPERPUSTAKAAN UMPR,c2026 4aUNIT PENYAKIT DALAM a2381001576 a238101576